[Event "PRVA LIGA CENTRALNE SRBIJE 2018."]
[Site "Kragujevac"]
[Date "2018.09.15"]
[Round "2.5"]
[White "Nestorovic, Lazar"]
[Black "Ilic, Zoran S"]
[Result "1-0"]
[WhiteElo "2353"]
[BlackElo "2307"]
[Annotator "Balkanchess"]
[PlyCount "73"]
[EventDate "2018.??.??"]
[WhiteClock "0:04:33"]
[BlackClock "0:00:34"]

1. e4 c5 2. Nf3 e6 3. d4 cxd4 4. Nxd4 Nc6 5. Nc3 Qc7 6. Be3 a6 7. a3 b5 8. Qd2
Bb7 9. f3 Nf6 10. g4 h6 11. O-O-O Ne5 12. Kb1 Rc8 13. Bf4 Be7 14. h4 d6 15. Rg1
Nfd7 16. g5 hxg5 17. Bxg5 Nf6 18. f4 Ned7 19. Bd3 Qb6 20. Nb3 Bc6 21. Qe2 e5
22. Nd5 Bxd5 23. exd5 Kf8 24. Bf5 Re8 25. Qg2 g6 26. Bxd7 Nxd7 27. f5 Bxg5 28.
fxg6 Bf6 29. g7+ Bxg7 30. Qxg7+ Ke7 31. Qg5+ f6 32. Qf5 Kd8 33. h5 Re7 34. Rg3
Rh6 35. Rc3 Nc5 36. Rg1 Qc7 37. Nxc5 1-0

[Event "PRVA LIGA CENTRALNE SRBIJE 2018."]
[Site "Kragujevac,hotel Sumarice"]
[Date "2018.09.15"]
[Round "2.5"]
[White "Stankovic, Dragan P"]
[Black "Blesic, Vaso"]
[Result "0-1"]
[WhiteElo "2229"]
[BlackElo "2373"]
[PlyCount "116"]
[EventDate "2018.09.14"]
[WhiteTeam "Jasenica S.Palanka"]
[BlackTeam "Vladimirci"]

1. g3 d5 2. Nf3 Nf6 3. Bg2 Bf5 4. d3 e6 5. O-O c6 6. Nbd2 h6 7. b3 Nbd7 8. Bb2
a5 9. a3 Bh7 10. Qe1 Be7 11. e4 dxe4 12. dxe4 O-O 13. Qe2 Qc7 14. e5 Nd5 15.
Ne4 Nc5 16. Nfd2 Rfd8 17. Rfd1 Rd7 18. c4 Nb6 19. Nxc5 Bxc5 20. Be4 Rad8 21.
Bxh7+ Kxh7 22. Ne4 Rxd1+ 23. Rxd1 Rxd1+ 24. Qxd1 Nd7 25. Qd2 Be7 26. Qd4 a4 27.
b4 c5 28. Qd3 Kg8 29. Nd6 Bxd6 30. exd6 Qb6 31. b5 f6 32. f4 Qd8 33. Qe3 Kf7
34. Qe4 Qa5 35. Qe2 Nf8 36. Kf2 Ke8 37. f5 Qb6 38. Qh5+ Kd8 39. Qf7 Qxd6 40.
Qxg7 Qd2+ 41. Kf1 Qd3+ 42. Kg2 Qc2+ 43. Kf3 Qd3+ 44. Kg2 Qe4+ 45. Kf2 Qxf5+ 46.
Ke3 Nd7 47. Qxh6 e5 48. Bc3 Kc7 49. Qg7 Qe6 50. h4 Qxc4 51. Ba5+ Kd6 52. h5
Qd4+ 53. Ke2 Qe4+ 54. Kd2 Qg2+ 55. Ke3 Qg1+ 56. Kd3 Qd1+ 57. Ke3 Qxh5 58. Bd8
Qf5 0-1

[Event "PRVA LIGA CENTRALNE SRBIJE 2018."]
[Site "Kragujevac,hotel Sumarice"]
[Date "2018.09.15"]
[Round "2.6"]
[White "Petkov, Vladimir"]
[Black "Atakisi, Umut"]
[Result "1/2-1/2"]
[WhiteElo "2510"]
[BlackElo "2397"]
[PlyCount "63"]
[EventDate "2018.09.14"]
[WhiteTeam "Progres  Pirot"]
[BlackTeam "OSK Paracin  Paracin"]

1. d4 d5 2. c4 c6 3. Nf3 Nf6 4. Nc3 dxc4 5. a4 Bf5 6. e3 e6 7. Bxc4 Bb4 8. O-O
O-O 9. h3 Nbd7 10. Nh4 Nb6 11. Bb3 Nbd5 12. Nxf5 exf5 13. Qc2 g6 14. Bd2 Rc8
15. Rfc1 Qa5 16. Nxd5 Nxd5 17. Bxb4 Nxb4 18. Qd2 b6 19. Rc4 c5 20. dxc5 bxc5
21. Qc3 Rc7 22. Rd1 Qb6 23. Rf4 Nc6 24. Bc4 Rd8 25. Rxd8+ Nxd8 26. h4 Qd6 27.
Be2 Ne6 28. Rc4 h5 29. g3 Rb7 30. Bf3 Rb4 31. b3 Rxc4 32. bxc4 1/2-1/2

[Event "PRVA LIGA CENTRALNE SRBIJE 2018."]
[Site "Kragujevac,hotel Sumarice"]
[Date "2018.09.15"]
[Round "2.6"]
[White "Mladenovic, Stefan"]
[Black "Paunovic, Tomislav"]
[Result "1-0"]
[WhiteElo "2355"]
[BlackElo "2340"]
[PlyCount "85"]
[EventDate "2018.09.14"]
[WhiteTeam "OSK Paracin  Paracin"]
[BlackTeam "Progres  Pirot"]

1. d4 g6 2. Nf3 Bg7 3. Bf4 c5 4. e3 b6 5. Nbd2 Bb7 6. Be2 d6 7. c3 Nd7 8. h3
Ngf6 9. O-O O-O 10. a4 a6 11. Qb1 e5 12. Bh2 e4 13. Ne1 d5 14. Nc2 Ne8 15. f3
f5 16. fxe4 fxe4 17. Qa2 Kh8 18. Rxf8+ Nxf8 19. dxc5 bxc5 20. Rd1 Qe7 21. Nb3
a5 22. Qa3 Nd7 23. Bb5 Nef6 24. Bc7 Bf8 25. Nxa5 Rxa5 26. Bxa5 Qe5 27. Kf2 Bd6
28. Ke2 d4 29. cxd4 cxd4 30. exd4 Qh2 31. Qe3 Qxg2+ 32. Qf2 Qxh3 33. Ne3 Bg3
34. Qg2 Qh5+ 35. Kd2 Bf4 36. Qe2 Qg5 37. Bd8 Qd5 38. Kc2 Qg8 39. Ba5 Qa8 40.
Bc3 Bxe3 41. d5 Bg5 42. Bxd7 Bxd5 43. Qb5 1-0

[Event "PRVA LIGA CENTRALNE SRBIJE 2018."]
[Site "Kragujevac,hotel Sumarice"]
[Date "2018.09.15"]
[Round "2.6"]
[White "Manic, Jovica"]
[Black "Cvetanovic, Uros"]
[Result "1-0"]
[WhiteElo "2255"]
[BlackElo "2295"]
[PlyCount "77"]
[EventDate "2018.09.14"]
[WhiteTeam "Progres  Pirot"]
[BlackTeam "OSK Paracin  Paracin"]

1. d4 Nf6 2. Bg5 c5 3. d5 Qb6 4. Nc3 Qxb2 5. Bd2 Qb6 6. e4 d6 7. f4 e5 8. Rb1
Qd8 9. f5 a6 10. a4 Be7 11. g4 Nfd7 12. Be2 Bh4+ 13. Kf1 h5 14. h3 Bg5 15. gxh5
Bxd2 16. Qxd2 Nf6 17. h6 Rxh6 18. Qg5 Nh5 19. Qxd8+ Kxd8 20. Bxh5 Rxh5 21. Nf3
Nd7 22. h4 Nf8 23. Ng5 Ke7 24. Kg2 b5 25. axb5 axb5 26. Rxb5 Bd7 27. Rb7 Ra3
28. Nb5 Ra2 29. Na7 Rxc2+ 30. Kg3 Kf6 31. Nc8 Rc3+ 32. Kg4 g6 33. Nxd6 Rc2 34.
Ndxf7 Rc4 35. Rb6+ Kg7 36. Rf1 Ra4 37. Nxe5 Rb4 38. Nxd7 Nxd7 39. Rxg6+ 1-0

[Event "PRVA LIGA CENTRALNE SRBIJE 2018."]
[Site "Kragujevac,hotel Sumarice"]
[Date "2018.09.15"]
[Round "2.6"]
[White "Todorovic, Nenad I"]
[Black "Todorovic, Bojan"]
[Result "0-1"]
[WhiteElo "2291"]
[BlackElo "2318"]
[PlyCount "112"]
[EventDate "2018.09.14"]
[WhiteTeam "OSK Paracin  Paracin"]
[BlackTeam "Progres  Pirot"]

1. e4 e5 2. Nf3 Nc6 3. Bb5 Nf6 4. O-O Nxe4 5. d4 Nd6 6. dxe5 Nxb5 7. a4 Nbd4 8.
Nxd4 Nxd4 9. Qxd4 d5 10. Nc3 c6 11. a5 Bf5 12. f4 Qd7 13. Rf2 Be7 14. Be3 O-O
15. Na4 b6 16. b4 Bd8 17. Rd2 Qe6 18. Qb2 Rb8 19. axb6 axb6 20. Qb3 Bc7 21. b5
c5 22. Qxd5 Qxd5 23. Rxd5 Ra8 24. Rd2 Ra5 25. c4 Be6 26. Rda2 Bxc4 27. Ra3 Rfa8
28. Bc1 Bxb5 29. Nc3 Rxa3 30. Rxa3 Rxa3 31. Bxa3 Bc6 32. g3 f6 33. exf6 gxf6
34. Kf2 Kf7 35. Ke3 f5 36. h3 h5 37. Nd1 Ke6 38. Nf2 Kd5 39. g4 hxg4 40. hxg4
fxg4 41. Nxg4 Bd8 42. Kd3 Bb5+ 43. Kc3 Be2 44. Ne5 Bf1 45. Nd7 Bh3 46. Ne5 b5
47. Nd3 Be7 48. Kd2 Bf5 49. Bb2 Bd6 50. Ne5 Ke4 51. Nd3 b4 52. Bf6 c4 53. Be5
Bxe5 54. Nxe5 c3+ 55. Kc1 b3 56. Nc4 Kd4 0-1

[Event "PRVA LIGA CENTRALNE SRBIJE 2018."]
[Site "Kragujevac,hotel Sumarice"]
[Date "2018.09.15"]
[Round "2.6"]
[White "Dimitrijevic, Nenad"]
[Black "Arandjelovic, Aleksandar Z"]
[Result "1-0"]
[WhiteElo "2216"]
[BlackElo "2041"]
[Annotator "Balkanchess"]
[PlyCount "60"]
[EventDate "2018.09.14"]
[WhiteTeam "OSK Paracin  Paracin"]
[BlackTeam "Progres  Pirot"]

1. e4 c5 2. c4 Nc6 3. Nc3 g6 4. g3 Bg7 5. Bg2 d6 6. Nge2 Bg4 7. h3 Bd7 8. d3
Nf6 9. Be3 Qc8 10. Qd2 a6 11. g4 Rb8 12. a4 Na5 13. Ra3 Nc6 14. f4 O-O 15. f5
Ne5 16. a5 b5 17. axb6 Rxb6 18. O-O Bc6 19. Nf4 Qb7 20. Ra2 Nfd7 21. Nfd5 Bxd5
22. Nxd5 Rb3 23. Nxe7+ Kh8 24. Bh6 Nf6 25. Bxg7+ Kxg7 26. Nd5 Nxd5 27. exd5 f6
28. Be4 g5 29. Qc2 Rb8 30. Rfa1 Rb6 {...68} 1-0